Branches du christianisme - mort subite - Statistiques

Statistiques générales
  • Ce quiz a été pris 640 fois
  • Le résultat moyen est 8 sur 12
Answers on the Grid
Answers color-coded by a green-red scale on the quiz's grid according to % correct below.
Catholicisme
Massorti
Salafisme
Orthodoxe
Kharidjisme
Zoroastrisme
Calvinisme
Soufisme
Shivaïsme
Anglicanisme
Arminianisme
Baptisme
Chiisme
Anabaptisme
Luthérianisme
Jadidisme
Ismaélisme
Nestorianisme
Pentecotisme
Vaudouisme
Alaouisme
Méthodisme
Sunnisme
Maronite
 
Statistiques - réponses
Réponse % Correct
Catholicisme
92%
Orthodoxe
92%
Baptisme
76%
Anglicanisme
74%
Luthérianisme
73%
Calvinisme
67%
Pentecotisme
67%
Anabaptisme
59%
Méthodisme
50%
Maronite
45%
Arminianisme
42%
Nestorianisme
38%
Aucun quiz correspondant
Distribution des résultats
% des personnes avec chaque résultat
Percentile par nombre de réponses
Votre historique - résultats
Vous n’avez pas pris ce quiz